000 00284nam a2200133Ia 4500
008 230312s9999||||xx |||||||||||||| ||und||
082 _a720
_bDES
245 0 _aDesign Manual
260 _bRCG
_aPakistan
_c1990
300 _a1-2
546 _aEng.
650 _aArchitecture
942 _cBK
999 _c202
_d202